[Event "Hessen-ch U16"]
[Site "Bad Homburg"]
[Date "2014.04.18"]
[Round "6"]
[White "Rahm, Moritz"]
[Black "Friedrich, Marvin"]
[Result "1-0"]
[WhiteElo "1062"]
[BlackElo "921"]
[PlyCount "33"]
[EventDate "2014.04.??"]
[EventType "swiss"]
[EventRounds "7"]
[EventCountry "GER"]
[SourceTitle "EXT 2022"]
[Source "ChessBase"]
[SourceDate "2021.10.06"]
[SourceVersion "1"]
[SourceVersionDate "2021.10.06"]
[SourceQuality "1"]

1. e4 e5 2. Nf3 Nc6 3. Bb5 a6 4. Bxc6 dxc6 5. 0-0 Bd6 6. d4 Qe7 7. Nc3 Nf6 8. Bg5 exd4 9. Qxd4 h6 10. Bxf6 Qxf6 11. e5 Qg6 12. exd6 Bh3 13. Rfe1+ Be6 14. dxc7 0-0 15. h3 Bxh3 16. g3 Bg4 17. Ne5 1-0

[Event "Hessen-ch U16"]
[Site "Bad Homburg"]
[Date "2013.??.??"]
[Round "3"]
[White "Hennemann, Lukas"]
[Black "Rahm, Moritz"]
[Result "0-1"]
[WhiteElo "1345"]
[BlackElo "948"]
[PlyCount "70"]
[EventDate "2013.03.??"]
[EventType "swiss"]
[EventRounds "7"]
[EventCountry "GER"]
[SourceTitle "EXT 2014"]
[Source "ChessBase"]
[SourceDate "2013.11.20"]
[SourceVersion "1"]
[SourceVersionDate "2013.11.20"]
[SourceQuality "1"]

1. e4 e5 2. Nf3 Nc6 3. Bc4 Nf6 4. Ng5 d5 5. exd5 Nxd5 6. Nxf7 Kxf7 7. Qf3+ Ke6 8. Nc3 Ncb4 9. 0-0 c6 10. d4 Nxc2 11. Nxd5 cxd5 12. Bxd5+ Qxd5 13. Qg4+ Ke7 14. Bg5+ Ke8 15. Qg3 Nxa1 16. Re1 Bd6 17. dxe5 Bxe5 18. Rxe5+ Qxe5 19. Qxe5+ Kf7 20. h4 Re8 21. Qf4+ Kg8 22. Qc1 Bg4 23. Qc4+ Be6 24. Qc1 h6 25. Bf4 Rad8 26. Qxa1 Rd4 27. Qc1 Bxa2 28. g3 Bb3 29. Qc3 Rd1+ 30. Kh2 Bd5 31. f3 Re2+ 32. Kh3 Rh1+ 33. Kg4 Be6+ 34. Kh5 Rd1 35. g4 Bf7# 0-1

[Event "Hessen-ch U16"]
[Site "Bad Homburg"]
[Date "2013.??.??"]
[Round "1"]
[White "Kneussel, Nils"]
[Black "Rahm, Moritz"]
[Result "1/2-1/2"]
[WhiteElo "1538"]
[BlackElo "948"]
[PlyCount "101"]
[EventDate "2013.03.??"]
[EventType "swiss"]
[EventRounds "7"]
[EventCountry "GER"]
[SourceTitle "EXT 2014"]
[Source "ChessBase"]
[SourceDate "2013.11.20"]
[SourceVersion "1"]
[SourceVersionDate "2013.11.20"]
[SourceQuality "1"]

1. d4 d5 2. c4 Nf6 3. Nc3 Be6 4. cxd5 Nxd5 5. Nf3 g6 6. e4 Nxc3 7. bxc3 Bg7 8. Be2 c5 9. 0-0 0-0 10. Be3 cxd4 11. cxd4 Bg4 12. Rb1 b6 13. h3 Bxf3 14. Bxf3 Nc6 15. e5 Qd7 16. Rc1 Rac8 17. Bxc6 Rxc6 18. Qa4 Rc7 19. Qxd7 Rxd7 20. Rc6 e6 21. Rfc1 Rdd8 22. Rc7 Ra8 23. Rb7 Rfc8 24. Rcc7 Rxc7 25. Rxc7 h5 26. Kf1 f6 27. f4 g5 28. Re7 gxf4 29. Bxf4 fxe5 30. dxe5 Rf8 31. g3 Bxe5 32. Rxe6 Bxf4 33. gxf4 Rxf4+ 34. Kg2 Ra4 35. Re2 Kg7 36. Kf2 Kg6 37. Kg3 Kg5 38. Re5+ Kg6 39. Re2 h4+ 40. Kf3 Kf5 41. Kg2 Kf4 42. Kf2 Re4 43. Rd2 Re3 44. Rd4+ Re4 45. Rd2 Ra4 46. Re2 Ra3 47. Kg2 Re3 48. Rd2 Rg3+ 49. Kh2 Kf3 50. Rd3+ Kf2 51. Rd2+ 1/2-1/2

[Event "Hessen-ch U16"]
[Site "Bad Homburg"]
[Date "2013.??.??"]
[Round "7"]
[White "Rahm, Moritz"]
[Black "Uellner, Ferdinand"]
[Result "0-1"]
[WhiteElo "948"]
[BlackElo "1407"]
[PlyCount "106"]
[EventDate "2013.03.??"]
[EventType "swiss"]
[EventRounds "7"]
[EventCountry "GER"]
[SourceTitle "EXT 2014"]
[Source "ChessBase"]
[SourceDate "2013.11.20"]
[SourceVersion "1"]
[SourceVersionDate "2013.11.20"]
[SourceQuality "1"]

1. e4 e5 2. Nf3 Nc6 3. Nc3 Bc5 4. Bb5 a6 5. Bxc6 dxc6 6. d3 Nf6 7. Nxe5 Bxf2+ 8. Kxf2 Qd4+ 9. Be3 Qxe5 10. h3 0-0 11. Rf1 Rd8 12. Kg1 Bxh3 13. Bf4 Qd4+ 14. Kh2 Be6 15. Bxc7 Rd7 16. Bg3 Qe3 17. Rf4 h5 18. Qe2 Ng4+ 19. Rxg4 Qxe2 20. Rxg7+ Kxg7 21. Nxe2 Rh8 22. Be5+ f6 23. Bc3 Kf7 24. e5 fxe5 25. Bxe5 Re8 26. Nf4 Bxa2 27. Bc3 Bd5 28. Nxh5 Re2 29. Rf1+ Ke7 30. Bb4+ Kd8 31. Nf4 Rh7+ 32. Kg1 Rxc2 33. Nxd5 cxd5 34. Bc3 Kd7 35. Rf6 Rg7 36. Rf2 Rxf2 37. Kxf2 Rf7+ 38. Ke3 Kc6 39. g4 Rf1 40. Bd4 Kb5 41. g5 Kb4 42. g6 b5 43. g7 Rg1 44. Kf4 Rg2 45. Ke5 Rxg7 46. Kxd5 Rd7+ 47. Ke4 a5 48. Bc3+ Kb3 49. Bxa5 Kxb2 50. d4 Kb3 51. d5 Kc4 52. Ke3 Rxd5 53. Ke2 b4 0-1